000
00262nam a2200097Ia 4500
082
_a
005.12|EAST
245
0
_a
Windows Me : millennium edition
100
_a
Easton, Andrew London, 2001
_9
69107
942
_c
BK
008
210817s9999 xx 000 0 und d
999
_c
223276
_d
223275